Mitochondrial DNA sequence variation and phylogeography of oceanic insects (Hemiptera: Gerridae: Halobates Spp.) (Registro nro. 13403)

Detalles MARC
000 -CABECERA
Campo de control 005130000a22001570004500
090 ## - CLASIFICACIÓN LOCAL
Colección AR
Consecutivo 04306
041 0# - IDIOMA
Código de idioma para texto/pista de sonido o título separado
100 1# - ASIENTO PRINCIPAL--NOMBRE PERSONAL
Nombre personal Andersen, N. M.
245 10 - MENCION DE TITULO
Título Mitochondrial DNA sequence variation and phylogeography of oceanic insects (Hemiptera: Gerridae: Halobates Spp.)
500 ## - NOTA GENERAL
Nota general <Literatura de escarabajos coprófagos>
700 1# - ASIENTO SECUNDARIO - NOMBRE PERSONAL
Nombre personal Cheng, I.
700 1# - ASIENTO SECUNDARIO - NOMBRE PERSONAL
Nombre personal Damgaard, J.
700 1# - ASIENTO SECUNDARIO - NOMBRE PERSONAL
Nombre personal Sperling, F. A.
773 1# - Item fuente:
Título Marine Biology
Descripción física 136
Paginas del Articulo 421-430
Lugar, editorial y fecha de publicación 2000
942 ## - ELEMENTOS ADICIONALES (KOHA)
Tipo de ítem Artículo
Existencias
Withdrawn status Lost status Damaged status No para préstamo Colección Ubicación Permanente Ubicación actual Fecha de adquisición Fuente de Valor Datos de publicación Seriada Total Checkouts Número topográfico Inventario / Código de Barras Date last seen Ejemplar Price effective from Forma de adquisición Tipo de material
      No para Préstamo Hemeroteca Bogotá Bogotá 21/11/2006 Trujillo, Diego Fuera de circulación   AR 04306 023751 25/03/2015 1 25/03/2015   Artículo